Vamos a buscar un tesoro : (Registro nro. 11891)

Detalles MARC
000 -LIDER
fixed length control field 01077nam a22002897a 4500
001 - NÚMERO DE CONTROL
Identificador de número de control 000678
003 - IDENTIFICACDOR DE NÚMERO DE CONTROL
control field DO-SdBNP
005 - DATE AND TIME OF LATEST TRANSACTION
control field 20180209105803.0
007 - CAMPOS FIJOS DE DESCRIPCIÓN FÍSICA
fixed length control field 000678
008 - ELEMENTOS DE LONGITUD FIJA
fixed length control field 161110b 1986 sp a ||||| |||| 00| 0 spa d
020 ## - ISBN
International Standard Book Number 8420448451
040 ## - FUENTE DE CATALOGACIÓN
Agencia que crea de manera original el registro BPMSU
Idioma de catalogación spa
Agencia que realiza la transcripción BPMSU
100 1# - ASIENTO PRINCIPAL -- NOMBRE PERSONAL
Nombre personal Janosch,
Fechas asociadas con el nombre 1931-
Forma completa del nombre Horst Eckert,
240 1# - TITULO UNIFORME
Título uniforme Komm, wir finden einen Schatz.
Idioma de una obra Español.
245 10 - MENCIÓN DE TITULO
Título Vamos a buscar un tesoro :
Subtítulo Vamhistoria de cómo el pequeño oso y el pequeño tigre fueron en busca de la felicidad /
Mención de responsabilidad Janosch ; traducción de Ana Pérez.
260 ## - PUBLICACIÓN, DISTRIBUCIÓN, ETC. (PIE DE IMPRENTA)
Lugar de publicación, distribución, etc Madrid :
Nombre del editor, distribuidor, etc. Alfaguara,
Fecha de publicación, distribución, etc 1986.
Fecha de impresión 2ª reimp. 1995
300 ## - DESCRIPCIÓN FÍSICA
Extensión 46 p. :
Otros detalles físicos il. ;
Dimensiones 19 cm.
490 1# - MENCIÓN DE SERIES
Mención de serie Infantil Alfaguara
500 ## - NOTA GENERAL
Nota general Segunda reimpresión: julio 1995.
500 ## - NOTA GENERAL
Nota general Traducción de: Komm, wir finden einen Schatz
500 ## - NOTA GENERAL
Nota general Incluye datos biográficos del autor en la solapa de la contracubierta.
700 12 - ASIENTO SECUNDARIO -- NOMBRE PERSONAL
Nombre personal Pérez, Ana,
Fechas asociadas con el nombre 1941-
Mención de responsabilidad tr.
830 #0 - ASIENTO SECUNDARIO DE SERIE--TÍTULO UNIFORME
Título uniforme Infantil Alfaguara
942 ## - ADDED ENTRY ELEMENTS (KOHA)
Source of classification or shelving scheme Dewey Decimal Classification
Koha item type Libros
945 ## - INFORMACIÓN DE PROCESAMIENTO LOCAL
Información de procesamiento local Inventariado, 2018 /LP
956 ## - LOCAL ELECTRONIC LOCATION AND ACCESS (OCLC)
Nombre de host LOPEREZ
Número de acceso 10
Información de compresión 20161110
Procesador de solicitud BPMSU
Existencias
Withdrawn status Lost status Source of classification or shelving scheme Damaged status Not for loan Collection code Home library Current library Date acquired Source of acquisition Total Checkouts Barcode Date last seen Price effective from Koha item type
    Dewey Decimal Classification     Colección Infantil General Biblioteca Pública Metropolitana Salomé Ureña Biblioteca Pública Metropolitana Salomé Ureña 11/10/2016 Donación   BPMSU16111169 11/10/2016 11/10/2016 Libros